| 000 | 00368nam a2200157Ia 4500 | ||
|---|---|---|---|
| 008 | 230917s9999||||xx |||||||||||||| ||und|| | ||
| 040 |
_e78258 _aMAIN |
||
| 041 | _aEnglish | ||
| 082 | _a346.022 K143L | ||
| 100 | _aKapoor, S K | ||
| 245 | 0 | _aLaw of contract | |
| 250 | _a2nd ed. | ||
| 260 |
_aAllahabad _bCentral Law _c1977 |
||
| 300 | _alvii,430 p. | ||
| 942 | _cBK | ||
| 999 |
_c198995 _d198995 |
||